000 00402nam a2200145Ia 4500
008 130318s9999 xx 000 0 und d
020 _a9788120328648
082 _a006.3 AKE/I
100 _aAkerkar, Rajendra
245 _aIntroduction to artificial Intelligence
260 _bPHI Learning
_aNew Delhi
_c2010
300 _a349
650 _aNATURAL LANGUAGE PROCESSING
650 _aPROGRAMMING LANGUAGE
999 _c2324
_d2324